| 000 | 00634nam a2200193 i 4500 | ||
|---|---|---|---|
| 001 | 36922 | ||
| 003 | ES-MaACL | ||
| 005 | 20230906155452.0 | ||
| 007 | t| | ||
| 008 | 030219s1971 sp ||||1| spa d | ||
| 100 | 1 |
_aBrowning, D. R. _932033 |
|
| 245 | 1 | 0 |
_aMétodos electrométricos / _cdirigida por D. R. Browning ; versión Vicente Vilas Sánchez y Pedro Sánchez martínez. |
| 250 | _a1ª ed. | ||
| 260 |
_aBarcelona : _bToray Masson, _c1971. |
||
| 300 |
_aVIII, 159 p. : _bil. ; _c22 cm. |
||
| 700 | 1 |
_aVilas Sánchez, Vicente. _9114832 |
|
| 700 | 1 |
_aSánchez Martínez, Pedro. _9102766 |
|
| 852 |
_aES-MaACL _jC-39117 _bR.79065 |
||
| 999 |
_c36922 _d36922 |
||